Statistiques concernant Reliez les paroles des chansons d'Angèle à son titre

Cliquez ici pour prendre le quiz!

Statistiques générales

  • Ce quiz a été pris 541 fois
  • Le résultat moyen est 9 sur 17

Statistiques - réponses

HintRéponse% Correct
"Ils parlent tous comme des animaux de toutes les chattes ça parle mal"Balance ton quoi
99%
"Paris m'appelle quand je veux rentrer chez moi quand le ciel gris et la pluie me manquent, je vais mieux quand je te vois"Bruxelles je t'aime
94%
"Le spleen n'est plus à la mode, c'est pas compliqué d'être heureux"Tout oublier
79%
"Si seulement elle savait comment, comment tu la regardais, elle serait effrayée"Ta reine
74%
"On connaît tous la pression, tu t'sens comme la reine du monde mais c'est qu'une impression"Flou
64%
"J'en profite, je passe à la banque, je laisse passer mémé, si seulement j'avais su qu'elle relèverait tous ses extraits de l'année"La loi de murphy
62%
"Regarde comment je souris, regardez encore, je veux savoir ce que t'en dis quand j'souris trop fort"Oui ou non
48%
"Nuance avec parano de pas grand chose mais pourquoi s'entremêler entre lui et moi ?"Jalousie
45%
"Jour après jour, je m'habitue à mes ennemis qui me tuent et j'apprendrai toutes les vertus"Démons
44%
"Connecté en ligne, mais pas à moi, j'attends ton signe, j'crois qu'y en a pas, j'ai vu que t'as vu, tu réponds pas"Je veux tes yeux
41%
"J'écoute les notes en fois deux mais quand j'en fais, ça dure dix minutes"Amour, haine & danger
37%
"On perd de l'altitude toi et moi, loin de nous, où ni l'un ni l'autre n'ira"Perdus
37%
"Je rêve de pouvoir rêver comme toi, l'œil se ferme mais pas l'oreille, elle m'empêche de rêver, aide-moi"J'entends
31%
"Je ne veux plus tomber dans le piège du fou qu'ils se mettent à genoux"Libre
31%
"Ce soir il est minuit, tes grands yeux noirs me font la tête, la buée et la pluie se collent à tes cheveux lâchés"Taxi
29%
"Toujours faire semblant quand on me parle de nous évidemment, avancer sans toi et me dire que tout ça reviendra"Le temps fera les choses
27%
"La route sera pleine de crises, les hauts les bas, ça nous passera"Nombreux
26%

Distribution des résultats

Percentile par nombre de réponses

% des personnes avec chaque résultat

Votre développement - résultats

Vous n’avez pas pris ce quiz